Boroughs of Munich (With a Map) - Statistics

General Stats
  • This quiz has been taken 67 times
  • The average score is 17 of 25
Answers on the Map
Answers color-coded by a green-red scale on the quiz's map according to % correct below.
 
Answer Stats
Borough % Correct
Schwabing-West
90%
Altstadt-Lehel
88%
Maxvorstadt
88%
Schwabing-Freimann
88%
Pasing-Obermenzing
81%
Au-Haidhausen
79%
Neuhausen-Nymphenburg
79%
Bogenhausen
76%
Laim
74%
Sendling
74%
Sendling-Westpark
74%
Thalkirchen-Obersendling-Forstenried-Fürstenried-Solln
69%
Trudering-Riem
67%
Feldmoching-Hasenbergl
64%
Ramersdorf-Perlach
64%
Ludwigsvorstadt-Isarvorstadt
62%
Moosach
62%
Allach-Untermenzing
60%
Berg am Laim
60%
Schwanthalerhöhe
60%
Milbertshofen-Am Hart
55%
Aubing-Lochhausen-Langwied
52%
Untergiesing-Harlaching
52%
Hadern
50%
Obergiesing-Fasangarten
50%
No matching quizzes found
Score Distribution
Percent of People with Each Score
Percentile by Number Answered
Your Score History
You have not taken this quiz